Habitat selection by an insectivorous rodent: patterns and mechanisms across multiple scales (Registro nro. 10526)

Detalles MARC
000 -CABECERA
Campo de control 005980000a22001810004500
090 ## - CLASIFICACIÓN LOCAL
Colección AR
Consecutivo 01442
041 0# - IDIOMA
Código de idioma para texto/pista de sonido o título separado
100 1# - ASIENTO PRINCIPAL--NOMBRE PERSONAL
Nombre personal Stapp, Paul
245 10 - MENCION DE TITULO
Título Habitat selection by an insectivorous rodent: patterns and mechanisms across multiple scales
650 14 - ASIENTO SECUNDARIO DE MATERIA - TERMINO TEMATICO
Término temático o nombre geográfico como elemento de entrada Roedores
650 14 - ASIENTO SECUNDARIO DE MATERIA - TERMINO TEMATICO
Término temático o nombre geográfico como elemento de entrada Uso del hábitat
650 14 - ASIENTO SECUNDARIO DE MATERIA - TERMINO TEMATICO
Término temático o nombre geográfico como elemento de entrada Hábitos alimentarios
650 14 - ASIENTO SECUNDARIO DE MATERIA - TERMINO TEMATICO
Término temático o nombre geográfico como elemento de entrada Artrópodos
651 #4 - ASIENTO SECUNDARIO DE MATERIA - NOMBRE GEOGRAFICO
-- Fort Colins
-- Colorado
-- Estados Unidos
653 ## - TERMINO DE INDIZACION - NO CONTROLADO
-- Onychomys
-- Onychomys leucogaster
773 1# - Item fuente:
Título Journal of Mammalogy
Especificación de materiales 106
Descripción física 4
Paginas del Articulo 1128-1143
Lugar, editorial y fecha de publicación 1997
Información sobre la relación 78
942 ## - ELEMENTOS ADICIONALES (KOHA)
Tipo de ítem Artículo
Existencias
Withdrawn status Lost status Damaged status No para préstamo Colección Ubicación Permanente Ubicación actual Fecha de adquisición Fuente de Valor Datos de publicación Seriada Total Checkouts Número topográfico Inventario / Código de Barras Date last seen Ejemplar Price effective from Forma de adquisición Tipo de material
      No para Préstamo Hemeroteca Bogotá Bogotá 27/02/2015 Muñoz Saba, Yaneth Fuera de circulación   AR 01442 011798 25/03/2015 1 25/03/2015   Artículo